Statistics for July 29th: Birthdays

Click here to take the quiz!

General Stats

  • This quiz has been taken 3 times
  • The average score is 1 of 10

Answer Stats

YearClueAnswer% Correct
1883Italian DictatorBenito Mussolini
67%
1905Secretary-General of the United NationsDag Hammarskjöld
33%
1937Founder of a businessCharles Schwab
0%
1905Actress in It
Clara Bow
0%
1924Murder VictimElizabeth Short
0%
1966Artist of EvolutionMartina McBride
0%
1938ABC News AnchorPeter Jennings
0%
1925Hockey Hall of Fame left wingTed Lindsay
0%
1888Worked on the TelevisionVladimir Zworykin
0%
1796Invented the Safety PinWalter Hunt
0%

Score Distribution

Percentile by Number Answered

Percent of People with Each Score

Your Score History

You have not taken this quiz